|
|
|
|
| LEADER |
00000nam0a2200000 4500 |
| 001 |
328298 |
| 005 |
20231102004039.0 |
| 035 |
|
|
|a (RuTPU)RU\TPU\book\353998
|
| 090 |
|
|
|a 328298
|
| 100 |
|
|
|a 20170215d1969 km y0rusy50 ca
|
| 101 |
0 |
|
|a rus
|
| 102 |
|
|
|a RU
|
| 105 |
|
|
|a a z 001zy
|
| 200 |
1 |
|
|a Звуковые вибраторы для бурения
|f В. О. Мальченок, И. А. Уткин
|
| 210 |
|
|
|a Ленинград
|c Недра
|d 1969
|
| 215 |
|
|
|a 136 с.
|c ил.
|
| 320 |
|
|
|a Библиогр.: с. 131-132
|
| 606 |
1 |
|
|a Бурение вибрационное
|2 stltpush
|3 (RuTPU)RU\TPU\subj\30265
|9 53394
|
| 610 |
1 |
|
|a вибраторы
|
| 610 |
1 |
|
|a бурение
|
| 610 |
1 |
|
|a разрушение пород
|
| 610 |
1 |
|
|a звуковые колебания
|
| 610 |
1 |
|
|a магнитострикционные буры
|
| 610 |
1 |
|
|a конструкции
|
| 610 |
1 |
|
|a режимы работы
|
| 610 |
1 |
|
|a питание
|
| 610 |
1 |
|
|a испытание
|
| 610 |
1 |
|
|a буровые машины
|
| 610 |
1 |
|
|a применение
|
| 675 |
|
|
|a 622.243.95
|v 4
|
| 700 |
|
1 |
|a Мальченок
|b В. О.
|g Владимир Олимпиевич
|
| 701 |
|
1 |
|a Уткин
|b И. А.
|g Иван Алексеевич
|
| 801 |
|
1 |
|a RU
|b 63413507
|c 20170215
|
| 801 |
|
2 |
|a RU
|b 63413507
|c 20170216
|g RCR
|
| 942 |
|
|
|c BK
|